Анализ хозяйственной деятельности и финансовая политика предприятия: учебное пособие; дистанционное образование

Dades bibliogràfiques
Autor principal: Антонова З. Г. Зоя Георгиевна
Autor corporatiu: Томский политехнический университет
Idioma:rus
Publicat: Томск, Изд-во ТПУ, 2000
Matèries:
Format: MixedMaterials Llibre
KOHA link:https://koha.lib.tpu.ru/cgi-bin/koha/opac-detail.pl?biblionumber=22817

MARC

LEADER 00000nam0a2200000 4500
001 22817
005 20231030194910.0
035 |a (RuTPU)RU\TPU\book\23031 
035 |a BOOK00023103 
090 |a 22817 
100 |a 20011209d2000 m y0rusy50 ca 
101 0 |a rus 
102 |a RU 
105 |a y j 000zy 
200 1 |a Анализ хозяйственной деятельности и финансовая политика предприятия  |e учебное пособие  |e дистанционное образование  |f З. Г. Антонова  |g Томский политехнический университет 
210 |a Томск  |c Изд-во ТПУ  |d 2000 
215 |a 136 с. 
610 1 |a экономика 
610 1 |a хозяйственная деятельность 
610 1 |a предприятия 
610 1 |a финансовая политика 
610 1 |a анализ 
610 1 |a учебные пособия 
610 1 |a дистанционное образование 
610 1 |a труды учёных ТПУ 
686 |a У053я73  |v LBC/SL-A  |2 rubbk 
700 1 |a Антонова  |b З. Г.  |c специалист в области экономики  |c доцент Томского политехнического университета, кандидат экономических наук  |f 1947-  |g Зоя Георгиевна  |2 stltpush  |3 (RuTPU)RU\TPU\pers\25988 
712 0 2 |a Томский политехнический университет  |2 stltpush  |3 (RuTPU)RU\TPU\col\376 
801 0 |a RU  |b 63413507  |c 20011209  |g PSBO 
801 2 |a RU  |b 63413507  |c 20220211  |g PSBO 
942 |c BK